Toothpaste quiz - Statistics

General Stats
  • This quiz has been taken 17 times
  • The average score is 2 of 6
Answer Stats
Hint Answer % Correct
What is the number 1 toothpaste brand in the United States Colgate
100%
what country exports the most toothpaste? China
64%
What country was first to use toothpaste? Egypt
43%
Where is Crest toothpaste made? Greensboro
14%
Who is the ceo of Colgate? Noel Wallace
0%
Who invented toothpaste? Peabody
0%
No matching quizzes found
Score Distribution
Percent of People with Each Score
Percentile by Number Answered
Your Score History
You have not taken this quiz